[Event "Bad Woerishofen Sen"]
[Site "Bad Woerishofen"]
[Date "2001.??.??"]
[Round "3"]
[White "Wunderer, Eckart"]
[Black "Czeitschner, Roland"]
[Result "1-0"]
[WhiteElo "2139"]
[BlackElo "1808"]
[Annotator "ChessOrg"]
[PlyCount "141"]
[EventDate "1998.03.05"]
[Source "ChessBase"]
[SourceDate "1998.04.29"]

1. e4 e5 2. d4 exd4 3. Qxd4 Nc6 4. Qe3 d6 5. Nc3 Nf6 6. Bd2 Be7 7. O-O-O O-O 8.
Bc4 Be6 9. Nd5 Ne5 10. Bb3 c6 11. Nxe7+ Qxe7 12. f3 Rfd8 13. Ne2 Bxb3 14. Qxb3
Qe6 15. Bg5 Rd7 16. Nd4 Qxb3 17. axb3 Ne8 18. Nf5 f6 19. Bf4 Rad8 20. Rd2 g6
21. Ne3 Kf7 22. Rhd1 Ke6 23. Bg3 Ng7 24. f4 Nf7 25. c4 Nh5 26. f5+ Ke7 27. Bh4
g5 28. Bf2 Ne5 29. Nc2 b6 30. Nd4 Ng7 31. Bg3 Rc8 32. Bxe5 fxe5 33. Nf3 Rcd8
34. Nxg5 h6 35. Nf3 Nh5 36. g3 Nf6 37. Re2 Rg8 38. Nh4 Kd8 39. Ng6 Kc7 40. h3
h5 41. Rg1 Rh7 42. Kc2 Nd7 43. b4 a5 44. bxa5 bxa5 45. Ra1 Ra8 46. b4 a4 47.
Kc3 Rg7 48. Rea2 c5 49. b5 Nb6 50. Ra3 Rag8 51. Rg1 Rh7 52. Kd3 Kd7 53. Rc1 Kc7
54. Ke3 Rf7 55. Rcc3 Kd7 56. Ra2 Kc7 57. Rg2 Rh7 58. Kf2 Rf7 59. Kg1 Rh7 60. g4
hxg4 61. hxg4 Kd7 62. Rgg3 Ke8 63. Kg2 Kf7 64. g5 Ra8 65. Nxe5+ Kg8 66. Ng4
Rha7 67. Nf6+ Kf7 68. Rh3 a3 69. Rh1 a2 70. Rch3 Rg8 71. Rh7+ 1-0

[Event "Bad Woerishofen Sen"]
[Site "Bad Woerishofen"]
[Date "2001.??.??"]
[Round "5"]
[White "Wunderer, Eckart"]
[Black "Fleckner, Hans"]
[Result "1/2-1/2"]
[WhiteElo "2139"]
[BlackElo "1830"]
[Annotator "ChessOrg"]
[PlyCount "55"]
[EventDate "1998.03.05"]
[Source "ChessBase"]
[SourceDate "1998.04.29"]

1. d4 Nf6 2. Nf3 e6 3. Bf4 c5 4. e3 Nc6 5. c3 d5 6. Bd3 Be7 7. Nbd2 b6 8. Ne5
Nxe5 9. Bxe5 O-O 10. Qe2 Ne8 11. Nf3 f6 12. Bg3 f5 13. Ne5 Bb7 14. h3 Nf6 15.
O-O Qe8 16. Bh2 a6 17. a4 Kh8 18. g4 g6 19. f3 Nd7 20. Nxd7 Qxd7 21. Be5+ Bf6
22. Qh2 Bxe5 23. Qxe5+ Kg8 24. Kh2 Rac8 25. a5 c4 26. Bc2 b5 27. e4 Rce8 28.
Kg3 1/2-1/2

[Event "Bad Woerishofen Sen"]
[Site "Bad Woerishofen"]
[Date "2001.??.??"]
[Round "7"]
[White "Wunderer, Eckart"]
[Black "Peters, Paul"]
[Result "1-0"]
[WhiteElo "2139"]
[BlackElo "1950"]
[Annotator "ChessOrg"]
[PlyCount "119"]
[EventDate "1998.03.05"]
[Source "ChessBase"]
[SourceDate "1998.04.29"]

1. e4 d5 2. Nc3 d4 3. Nb1 e5 4. Nf3 Bd6 5. Bc4 Nf6 6. d3 h6 7. Nbd2 Nc6 8. a4
O-O 9. Nf1 Na5 10. Ba2 c5 11. Ng3 Nc6 12. O-O Ne7 13. Nh4 Kh7 14. f4 Ng6 15.
Nxg6 fxg6 16. f5 Qe8 17. fxg6+ Qxg6 18. Nf5 Bxf5 19. Rxf5 Ng4 20. Qf3 Rxf5 21.
exf5 Qh5 22. h3 Nf6 23. g4 Qh4 24. Bd2 e4 25. dxe4 Nd7 26. Qg2 Rb8 27. Rf1 Rf8
28. Be6 Ne5 29. Bf4 c4 30. g5 hxg5 31. Bxg5 Qh5 32. Bf4 Rf6 33. Bg5 Rf8 34. Rf4
Qd1+ 35. Qf1 Qxf1+ 36. Kxf1 Nf7 37. Rh4+ Kg8 38. Bxc4 Be5 39. Bf4 Bxf4 40. Rxf4
Rc8 41. Bxf7+ Kxf7 42. Rf2 Kf6 43. Rg2 Rc4 44. b3 Rc3 45. Rg6+ Kf7 46. Rd6 Rxc2
47. Rxd4 Ke7 48. Rc4 Rh2 49. Rc7+ Kf6 50. Rxb7 Rxh3 51. Kf2 Rc3 52. b4 Rb3 53.
b5 Rb4 54. Rxa7 Rxe4 55. b6 Rb4 56. a5 Rb5 57. b7 Kxf5 58. a6 Kf4 59. Ra8 Rb2+
60. Ke1 1-0

[Event "Bad Woerishofen Sen"]
[Site "Bad Woerishofen"]
[Date "2001.??.??"]
[Round "9"]
[White "Wunderer, Eckart"]
[Black "Igney, Volkhard"]
[Result "1/2-1/2"]
[WhiteElo "2139"]
[BlackElo "2180"]
[Annotator "ChessOrg"]
[PlyCount "46"]
[EventDate "1998.03.05"]
[Source "ChessBase"]
[SourceDate "1998.04.29"]

1. e4 c6 2. d3 d5 3. Nd2 Nf6 4. Ngf3 Bg4 5. Be2 e6 6. c3 Qc7 7. Qc2 Nbd7 8. d4
dxe4 9. Nxe4 Nxe4 10. Qxe4 Nf6 11. Bf4 Qb6 12. Qc2 Bf5 13. Qc1 Be7 14. Ne5 O-O
15. O-O c5 16. g4 Bg6 17. g5 Nd5 18. Nd7 Qd8 19. Nxf8 Nxf4 20. Qxf4 Bxg5 21.
Nxe6 fxe6 22. Qe5 cxd4 23. cxd4 Bf7 1/2-1/2

[Event "Bad Woerishofen Sen"]
[Site "Bad Woerishofen"]
[Date "2001.??.??"]
[Round "1"]
[White "Xander, Karl"]
[Black "Tessmer, Herbert"]
[Result "0-1"]
[WhiteElo "1920"]
[BlackElo "1700"]
[Annotator "ChessOrg"]
[PlyCount "79"]
[EventDate "1998.03.05"]
[Source "ChessBase"]
[SourceDate "1998.04.29"]

1. e4 e5 2. Nf3 Nc6 3. Bb5 a6 4. Ba4 Nf6 5. O-O Nxe4 6. d4 b5 7. Bb3 d5 8. dxe5
Be6 9. a4 b4 10. a5 Nc5 11. Bg5 Qd7 12. Nbd2 h6 13. Bh4 Ne7 14. Nd4 Nxb3 15.
N2xb3 Ng6 16. Nxe6 fxe6 17. Qh5 Qf7 18. Nd4 Nxh4 19. Qxh4 c5 20. Ne2 Be7 21.
Qg3 O-O 22. Rad1 Bd8 23. f4 Qf5 24. Rd3 Bxa5 25. Qf2 c4 26. Rg3 Rab8 27. Qf3
Bb6+ 28. Kh1 Rb7 29. Rg4 Qxc2 30. Ng3 Qd3 31. Qxd3 cxd3 32. f5 exf5 33. Nxf5
Kh7 34. Ng3 Rxf1+ 35. Nxf1 Re7 36. Rg3 d2 37. Nxd2 Rxe5 38. Nf3 Re2 39. b3 Rc2
40. h4 0-1

[Event "Bad Woerishofen Sen"]
[Site "Bad Woerishofen"]
[Date "2001.??.??"]
[Round "3"]
[White "Xander, Karl"]
[Black "Harke, Horst"]
[Result "1/2-1/2"]
[WhiteElo "1920"]
[BlackElo "1706"]
[Annotator "ChessOrg"]
[PlyCount "90"]
[EventDate "1998.03.05"]
[Source "ChessBase"]
[SourceDate "1998.04.29"]

1. e4 c6 2. d4 d5 3. Nc3 dxe4 4. Nxe4 Bf5 5. Ng3 Bg6 6. Nf3 Nd7 7. Bd3 Bxd3 8.
Qxd3 Ngf6 9. O-O g6 10. Re1 Bg7 11. b3 c5 12. Ba3 Qa5 13. Bb2 cxd4 14. Bxd4 e6
15. Rad1 O-O 16. h4 Rad8 17. Qe2 Rfe8 18. a4 Qc7 19. Ne5 Nxe5 20. Bxe5 Qc8 21.
h5 Rxd1 22. Rxd1 Rd8 23. h6 Rxd1+ 24. Qxd1 Bh8 25. Qd4 Qd7 26. Qa1 Qd2 27. Bxf6
Bxf6 28. Qxf6 Qc1+ 29. Nf1 Qxh6 30. Ne3 Qh5 31. b4 Qe2 32. b5 Qe1+ 33. Kh2 Qb4
34. Qa1 Qd2 35. Kg1 f5 36. c4 b6 37. Qd1 Qa5 38. Kh2 Kf7 39. Qd7+ Kf6 40. f4
Qe1 41. Qd4+ Kf7 42. Qe5 g5 43. fxg5 Qh4+ 44. Kg1 Qe1+ 45. Kh2 Qh4+ 1/2-1/2

[Event "Bad Woerishofen Sen"]
[Site "Bad Woerishofen"]
[Date "2001.??.??"]
[Round "5"]
[White "Xander, Karl"]
[Black "Schafroth, Georg"]
[Result "1-0"]
[WhiteElo "1920"]
[BlackElo "1700"]
[Annotator "ChessOrg"]
[PlyCount "63"]
[EventDate "1998.03.05"]
[Source "ChessBase"]
[SourceDate "1998.04.29"]

1. e4 c5 2. Nf3 Nc6 3. d4 cxd4 4. Nxd4 Nxd4 5. Qxd4 e6 6. Nc3 a6 7. Be2 Qa5 8.
Bd2 Bc5 9. Qxg7 Qb6 10. O-O Bd4 11. e5 Bxe5 12. Qxe5 f6 13. Bh5+ Kd8 14. Be3
fxe5 15. Bxb6+ Ke7 16. Ne4 d5 17. Bc5+ Kd7 18. Ng5 Nh6 19. Nf3 Kc6 20. Be3 Nf5
21. Nxe5+ Kc7 22. Bf4 Kb6 23. c4 d4 24. b4 Ka7 25. b5 axb5 26. cxb5 b6 27. Bf3
Bb7 28. Nc6+ Bxc6 29. bxc6 Rac8 30. Rab1 Rhf8 31. Rb3 Ne7 32. Ra3# 1-0

[Event "Bad Woerishofen Sen"]
[Site "Bad Woerishofen"]
[Date "2001.??.??"]
[Round "7"]
[White "Xander, Karl"]
[Black "Wulf, Adalbert"]
[Result "1-0"]
[WhiteElo "1920"]
[BlackElo "1787"]
[Annotator "ChessOrg"]
[PlyCount "111"]
[EventDate "1998.03.05"]
[Source "ChessBase"]
[SourceDate "1998.04.29"]

1. e4 d5 2. exd5 Nf6 3. Bb5+ Bd7 4. Bxd7+ Qxd7 5. Nc3 Nxd5 6. Nxd5 Qxd5 7. Qf3
e6 8. Qxd5 exd5 9. Nf3 Bd6 10. O-O O-O 11. d4 Re8 12. Bd2 Nd7 13. Rfe1 c6 14.
Bg5 f6 15. Bd2 Kf7 16. h3 Rac8 17. Kf1 Re7 18. Rxe7+ Kxe7 19. Re1+ Kf7 20. g4
Re8 21. Rxe8 Kxe8 22. Ke2 Nf8 23. Kd3 Ne6 24. Nh4 g6 25. Ng2 Ng7 26. c4 dxc4+
27. Kxc4 f5 28. Bf4 b5+ 29. Kd3 Kd7 30. Be5 fxg4 31. hxg4 Ne8 32. f4 Ke6 33.
Ne3 Nc7 34. f5+ gxf5 35. gxf5+ Kd7 36. Ke4 Bf8 37. Bxc7 Kxc7 38. f6 Kd6 39. Kf5
Bh6 40. Ng4 Bc1 41. f7 Ke7 42. Ne5 a6 43. b3 Be3 44. b4 Bc1 45. Nxc6+ Kxf7 46.
d5 Be3 47. d6 h5 48. d7 Bb6 49. d8=Q Bxd8 50. Nxd8+ Ke7 51. Nc6+ Kd6 52. Nb8 a5
53. bxa5 b4 54. Na6 Kc6 55. Nxb4+ Kb5 56. a6 1-0

[Event "Bad Woerishofen Sen"]
[Site "Bad Woerishofen"]
[Date "2001.??.??"]
[Round "8"]
[White "Xander, Karl"]
[Black "Villing, Dieter"]
[Result "1-0"]
[WhiteElo "1920"]
[BlackElo "2241"]
[Annotator "ChessOrg"]
[PlyCount "85"]
[EventDate "1998.03.05"]
[Source "ChessBase"]
[SourceDate "1998.04.29"]

1. e4 c5 2. Nf3 Nc6 3. d4 cxd4 4. Nxd4 Nf6 5. Nc3 e5 6. Ndb5 d6 7. Bg5 a6 8.
Na3 b5 9. Nd5 Be7 10. Nxe7 Qxe7 11. c3 Bb7 12. Nc2 Nb8 13. f3 h6 14. Bxf6 Qxf6
15. Qd2 O-O 16. O-O-O Rd8 17. Ne3 Ra7 18. Kb1 Ba8 19. Be2 Rc7 20. Qd3 Rc5 21.
Rd2 a5 22. Rhd1 b4 23. cxb4 axb4 24. Qb3 Nc6 25. Bc4 Na5 26. Qxb4 Qg5 27. Qxc5
Bxe4+ 28. fxe4 dxc5 29. Rxd8+ Kh7 30. R8d3 Nxc4 31. Nxc4 Qxg2 32. Nd6 Qxh2 33.
Nxf7 Qf4 34. Nd6 h5 35. a4 c4 36. Nxc4 Qxe4 37. b3 g5 38. Kb2 h4 39. Re3 Qg2+
40. Rd2 Qg1 41. Rxe5 h3 42. Re6 Kg7 43. Ne5 1-0

[Event "Bad Woerishofen Sen"]
[Site "Bad Woerishofen"]
[Date "2001.??.??"]
[Round "2"]
[White "Zieroth, Gert"]
[Black "Malin, Klaus"]
[Result "1-0"]
[WhiteElo "1740"]
[BlackElo "1616"]
[Annotator "ChessOrg"]
[PlyCount "117"]
[EventDate "1998.03.05"]
[Source "ChessBase"]
[SourceDate "1998.04.29"]

1. d4 d5 2. c4 c6 3. Nc3 Nf6 4. e3 Bf5 5. Nf3 e6 6. c5 h6 7. b4 Be7 8. Bd3 Bxd3
9. Qxd3 O-O 10. O-O Nbd7 11. Bd2 Qc7 12. Rab1 e5 13. dxe5 Nxe5 14. Nxe5 Qxe5
15. h3 Rfd8 16. Ne2 Ne4 17. Bc1 Qc7 18. Nd4 Bf6 19. Bb2 Re8 20. Nf3 Bxb2 21.
Rxb2 Re7 22. Nd4 Rae8 23. Re2 Qe5 24. Nf3 Qf6 25. Kh2 Qe6 26. Nd4 Qe5+ 27. g3
Qc7 28. Rg1 Ng5 29. h4 Ne4 30. f3 Nf6 31. Nf5 Re5 32. Nd6 R8e7 33. Qd4 Ne8 34.
f4 R5e6 35. Nf5 Rd7 36. g4 Re4 37. Qb2 Kh7 38. g5 h5 39. Ng3 Re6 40. Nxh5 Rde7
41. Qc3 Re4 42. Kh1 R7e6 43. Ng3 Rc4 44. Qd3+ g6 45. f5 Rxh4+ 46. Rh2 Rxh2+ 47.
Kxh2 Re4 48. Kh3 Rxb4 49. Rh1 Qe5 50. Qf1 gxf5 51. Nxf5 Kg6 52. Nh4+ Kg7 53.
Nf5+ Kf8 54. Qf3 Ng7 55. Nd6 Qe6+ 56. Kg3 Ke7 57. Rh6 Qe5+ 58. Kh3 Qxg5 59.
Qxf7+ 1-0

[Event "Bad Woerishofen Sen"]
[Site "Bad Woerishofen"]
[Date "2001.??.??"]
[Round "3"]
[White "Zieroth, Gert"]
[Black "Helmsen, Franz"]
[Result "0-1"]
[WhiteElo "1740"]
[BlackElo "2159"]
[Annotator "ChessOrg"]
[PlyCount "142"]
[EventDate "1998.03.05"]
[Source "ChessBase"]
[SourceDate "1998.04.29"]

1. d4 Nf6 2. c4 e6 3. Nc3 Bb4 4. Nf3 O-O 5. a3 Bxc3+ 6. bxc3 d6 7. Qc2 Nbd7 8.
e4 e5 9. Be2 Re8 10. Bg5 h6 11. Bxf6 Nxf6 12. Nd2 Qe7 13. f3 Nh5 14. g3 Qg5 15.
O-O-O Qe3 16. Qd3 Qxd3 17. Bxd3 g6 18. Rdf1 Ng7 19. d5 Bd7 20. g4 Rf8 21. h3 h5
22. Rhg1 Kh7 23. f4 f6 24. Be2 Rae8 25. Rf2 exf4 26. Rxf4 Re7 27. Rgf1 hxg4 28.
hxg4 Ne8 29. R4f2 Kg7 30. g5 Ref7 31. Rh2 Rh8 32. gxf6+ Rxf6 33. Rxh8 Kxh8 34.
Nf3 Kg7 35. Rg1 Rf4 36. Ng5 Nf6 37. Bd3 Rg4 38. Rxg4 Nxg4 39. Kd2 Ne5 40. Be2
Kh6 41. Ne6 Bxe6 42. dxe6 Kg7 43. Ke3 Kf6 44. Kf4 g5+ 45. Ke3 Kxe6 46. Kd4 Nc6+
47. Ke3 Ke5 48. Bd3 Nd8 49. Be2 Ne6 50. Bd1 Nc5 51. Bc2 b6 52. Kf3 Nd7 53. Kg4
Kf6 54. Bb3 Ne5+ 55. Kg3 Kg6 56. Ba2 a5 57. Bb3 Kf6 58. Ba2 Ke7 59. Bb3 Kd8 60.
Kg2 Kc8 61. Kg3 Kb7 62. c5 dxc5 63. c4 Kc6 64. Ba4+ Kd6 65. Bb3 c6 66. a4 Nf7
67. Kf3 Ke5 68. Ke3 g4 69. Bd1 g3 70. Kf3 Nd6 71. Kxg3 Nxe4+ 0-1

[Event "Bad Woerishofen Sen"]
[Site "Bad Woerishofen"]
[Date "2001.??.??"]
[Round "5"]
[White "Zieroth, Gert"]
[Black "Heyse, Juergen"]
[Result "1-0"]
[WhiteElo "1740"]
[BlackElo "1597"]
[Annotator "ChessOrg"]
[PlyCount "57"]
[EventDate "1998.03.05"]
[Source "ChessBase"]
[SourceDate "1998.04.29"]

1. d4 d5 2. c4 c6 3. e3 Nf6 4. Nc3 Nbd7 5. Nf3 e6 6. c5 Qc7 7. b4 e5 8. dxe5
Nxe5 9. Be2 b6 10. Nxe5 Qxe5 11. Bb2 Qg5 12. O-O Bg4 13. Qd4 Bxe2 14. Nxe2 Qg4
15. Nf4 Nd7 16. cxb6 axb6 17. b5 c5 18. Qxd5 O-O-O 19. Qa8+ Nb8 20. Qa7 Nd7 21.
Nd5 Bd6 22. Nxb6+ Nxb6 23. Qxb6 Qh5 24. g3 Qf3 25. Rac1 Kd7 26. Rfd1 Ke6 27.
Rd2 Kf5 28. Rxd6 Kg4 29. Rc4+ 1-0

[Event "Bad Woerishofen Sen"]
[Site "Bad Woerishofen"]
[Date "2001.??.??"]
[Round "7"]
[White "Zieroth, Gert"]
[Black "Buesdorf, Konrad"]
[Result "1-0"]
[WhiteElo "1740"]
[BlackElo "1900"]
[Annotator "ChessOrg"]
[PlyCount "37"]
[EventDate "1998.03.05"]
[Source "ChessBase"]
[SourceDate "1998.04.29"]

1. d4 d5 2. c4 dxc4 3. e4 c6 4. Bxc4 e6 5. Nf3 Be7 6. Nc3 Nf6 7. O-O Nbd7 8.
Be3 O-O 9. a4 b6 10. Qc2 h6 11. Rfd1 Bb7 12. d5 cxd5 13. exd5 exd5 14. Nxd5
Nxd5 15. Bxd5 Rc8 16. Qf5 Rb8 17. Qf4 Bxd5 18. Rxd5 Nf6 19. Rxd8 1-0

[Event "Bad Woerishofen Sen"]
[Site "Bad Woerishofen"]
[Date "2001.??.??"]
[Round "9"]
[White "Zieroth, Gert"]
[Black "Kies, Werner"]
[Result "0-1"]
[WhiteElo "1740"]
[BlackElo "1981"]
[Annotator "ChessOrg"]
[PlyCount "74"]
[EventDate "1998.03.05"]
[Source "ChessBase"]
[SourceDate "1998.04.29"]

1. d4 f5 2. c4 Nf6 3. Nf3 g6 4. Nc3 Bg7 5. Qc2 d6 6. e3 Nc6 7. a3 O-O 8. d5 Ne5
9. Nxe5 dxe5 10. Be2 h6 11. O-O g5 12. h3 a6 13. b4 h5 14. Bb2 h4 15. Rad1 Qe8
16. c5 Bd7 17. d6 cxd6 18. Qb3+ Kh8 19. cxd6 e6 20. Nb1 Ba4 21. d7 Bxd7 22. Rc1
Ne4 23. Bf3 Bc6 24. Bxe4 Bxe4 25. Nd2 Bd5 26. Qd1 Qg6 27. Nc4 g4 28. hxg4 fxg4
29. Qc2 Be4 30. Qd1 Qg5 31. Nd2 Bf3 32. Qc2 h3 33. Nxf3 gxf3 34. g3 h2+ 35. Kh1
Qg4 36. Qc4 Rf4 37. exf4 Qh3 0-1

[Event "Bad Woerishofen Sen"]
[Site "Bad Woerishofen"]
[Date "2001.??.??"]
[Round "2"]
[White "Ziltener, Werner"]
[Black "Villing, Dieter"]
[Result "0-1"]
[WhiteElo "2049"]
[BlackElo "2241"]
[Annotator "ChessOrg"]
[PlyCount "112"]
[EventDate "1998.03.05"]
[Source "ChessBase"]
[SourceDate "1998.04.29"]

1. Nf3 d6 2. g3 e5 3. d3 f5 4. c4 Nf6 5. Nc3 c6 6. Bg2 Nbd7 7. O-O g6 8. d4 Qe7
9. dxe5 dxe5 10. e4 Bg7 11. Re1 O-O 12. exf5 gxf5 13. Qe2 e4 14. Nh4 Nb6 15.
Bf4 Qb4 16. Rac1 Be6 17. b3 Ng4 18. Nxe4 fxe4 19. Bxe4 Rae8 20. Bf3 Bd7 21. Qd1
Rxe1+ 22. Qxe1 Qxe1+ 23. Rxe1 Nc8 24. h3 Nf6 25. Kg2 Re8 26. Rxe8+ Nxe8 27. Be4
Ncd6 28. Bd3 Bf6 29. Nf3 Bf5 30. Bxf5 Nxf5 31. Bb8 a6 32. Ba7 Ned6 33. Nd2 Bc3
34. Nb1 Bd4 35. Bb8 Ne4 36. f3 Ne3+ 37. Kh2 Nc3 38. Nxc3 Bxc3 39. g4 Nc2 40.
Kg3 Nb4 41. a3 Nc2 42. Bd6 Na1 43. Kf4 Nxb3 44. Ke4 Bg7 45. f4 Bf8 46. Be5 Bxa3
47. h4 Kf7 48. h5 Nc5+ 49. Ke3 Nd7 50. Bc3 Nf6 51. Kf3 b5 52. cxb5 axb5 53. h6
b4 54. Bd4 b3 55. g5 Nd7 56. f5 Nf8 0-1

[Event "Bad Woerishofen Sen"]
[Site "Bad Woerishofen"]
[Date "2001.??.??"]
[Round "4"]
[White "Ziltener, Werner"]
[Black "Ofstad, Per"]
[Result "0-1"]
[WhiteElo "2049"]
[BlackElo "2194"]
[Annotator "ChessOrg"]
[PlyCount "96"]
[EventDate "1998.03.05"]
[Source "ChessBase"]
[SourceDate "1998.04.29"]

1. Nf3 Nf6 2. g3 g6 3. Bg2 Bg7 4. O-O O-O 5. c4 c5 6. Nc3 Nc6 7. d4 cxd4 8.
Nxd4 d6 9. Nf3 Qa5 10. Bd2 Qh5 11. Re1 Bh3 12. Bxh3 Qxh3 13. Ng5 Qg4 14. e4 h6
15. Nf3 Nd7 16. Kg2 Nde5 17. Nxe5 Qxd1 18. Raxd1 Nxe5 19. b3 Rac8 20. f4 Nc6
21. Ne2 Nd4 22. Nxd4 Bxd4 23. Be3 Bxe3 24. Rxe3 b5 25. Rc1 Rc5 26. Rec3 Rfc8
27. Kf3 f5 28. exf5 gxf5 29. Ke3 d5 30. Kd4 dxc4 31. bxc4 b4 32. Rb3 Ra5 33.
Rxb4 Rd8+ 34. Kc3 Rxa2 35. Rc2 Ra1 36. Rb7 Kf8 37. Rb5 e6 38. Rb7 Ra6 39. Rcb2
Rc8 40. Kd4 Ra5 41. R7b5 Ra4 42. R2b4 Rxb4 43. Rxb4 a5 44. Ra4 Ra8 45. Kc5 Ke7
46. Kc6 Rc8+ 47. Kb6 Kd6 48. Kxa5 Kc5 0-1

[Event "Bad Woerishofen Sen"]
[Site "Bad Woerishofen"]
[Date "2001.??.??"]
[Round "6"]
[White "Ziltener, Werner"]
[Black "Gudat, Alfons"]
[Result "1-0"]
[WhiteElo "2049"]
[BlackElo "2051"]
[Annotator "ChessOrg"]
[PlyCount "77"]
[EventDate "1998.03.05"]
[Source "ChessBase"]
[SourceDate "1998.04.29"]

1. Nf3 d5 2. g3 Nf6 3. Bg2 c6 4. O-O Bg4 5. Ne5 Bf5 6. d4 Nbd7 7. Nxd7 Nxd7 8.
c4 dxc4 9. Na3 e5 10. Nxc4 exd4 11. Qxd4 Nf6 12. Qe5+ Be6 13. Bf4 Nd7 14. Nd6+
Bxd6 15. Qxd6 Nb6 16. Qb4 a5 17. Qc5 Nd7 18. Qa3 Qb6 19. Bd6 f6 20. Rfd1 Kf7
21. Qc3 Rhe8 22. Bf4 Kg8 23. Qc2 Nf8 24. Be4 Bf7 25. Bd3 Ng6 26. Bd6 Rad8 27.
Bc5 Qc7 28. Bc4 Ne5 29. Bxf7+ Nxf7 30. Be3 Rxd1+ 31. Rxd1 Rd8 32. Rxd8+ Qxd8
33. Qb3 b5 34. f3 a4 35. Qe6 Qa8 36. Bc5 g6 37. Qxf6 Qe8 38. Bd4 Qf8 39. Qxc6
1-0

[Event "Bad Woerishofen Sen"]
[Site "Bad Woerishofen"]
[Date "2001.??.??"]
[Round "8"]
[White "Ziltener, Werner"]
[Black "Bierwisch, Bernhard"]
[Result "0-1"]
[WhiteElo "2049"]
[BlackElo "2161"]
[Annotator "ChessOrg"]
[PlyCount "130"]
[EventDate "1998.03.05"]
[Source "ChessBase"]
[SourceDate "1998.04.29"]

1. Nf3 Nf6 2. g3 d6 3. Bg2 c5 4. d4 Nbd7 5. O-O g6 6. b3 Bg7 7. Bb2 O-O 8. d5
b5 9. Nc3 Rb8 10. Nd2 Ba6 11. e4 Nh5 12. Re1 Qa5 13. Qf3 Bd4 14. Ndb1 c4 15. a3
cxb3 16. cxb3 Rbc8 17. b4 Qb6 18. Qe2 Rc4 19. Nd1 Ne5 20. Ne3 Rc7 21. Bxd4 Qxd4
22. Nd2 Rfc8 23. Ndf1 Rc3 24. Qb2 Qb6 25. Red1 Nf6 26. Qd2 Qc7 27. h3 Bb7 28.
Qd4 Qb6 29. Qxb6 axb6 30. Nd2 Nc4 31. Ndxc4 bxc4 32. Rdc1 Rxc1+ 33. Rxc1 b5 34.
Rc3 Ra8 35. Nc2 e5 36. Kf1 Nd7 37. Rf3 f5 38. Re3 fxe4 39. Bxe4 Nf6 40. f4 exf4
41. gxf4 Bxd5 42. Bxd5+ Nxd5 43. Re6 Rd8 44. Re4 Rf8 45. Kg2 Rxf4 46. Re8+ Rf8
47. Re4 Nf4+ 48. Kg3 g5 49. Nd4 c3 50. Kg4 h6 51. Nc2 d5 52. Re1 Kf7 53. h4 Kg6
54. hxg5 h5+ 55. Kg3 Kxg5 56. Nd4 h4+ 57. Kh2 Rc8 58. Rg1+ Kf6 59. Nc2 Re8 60.
Nd4 Re4 61. Nb3 d4 62. Rc1 Ke5 63. Na1 Re2+ 64. Kh1 Nd3 65. Rf1 Re1 0-1

[Event "Bad Woerishofen Sen"]
[Site "Bad Woerishofen"]
[Date "2001.??.??"]
[Round "2"]
[White "Zoltek, Tadeusz"]
[Black "Dinser, Hans"]
[Result "1-0"]
[WhiteElo "2304"]
[BlackElo "1906"]
[Annotator "ChessOrg"]
[PlyCount "51"]
[EventDate "1998.03.05"]
[Source "ChessBase"]
[SourceDate "1998.04.29"]

1. c4 c5 2. Nf3 Nc6 3. g3 g6 4. Bg2 Bg7 5. O-O Nf6 6. d4 cxd4 7. Nxd4 O-O 8.
Nc3 a6 9. c5 d5 10. cxd6 Nxd4 11. Qxd4 exd6 12. Bg5 h6 13. Bxf6 Qxf6 14. Qb6
Qe5 15. Rad1 Be6 16. Rxd6 Rab8 17. f4 Qh5 18. Bf3 Qh3 19. Nd5 Bxd5 20. Bxd5 Kh7
21. Bg2 Qc8 22. e4 Qc2 23. e5 Rbc8 24. Rfd1 Rc5 25. Be4 Rb5 26. Bxc2 1-0

[Event "Bad Woerishofen Sen"]
[Site "Bad Woerishofen"]
[Date "2001.??.??"]
[Round "4"]
[White "Zoltek, Tadeusz"]
[Black "Keserovic, Milan"]
[Result "1/2-1/2"]
[WhiteElo "2304"]
[BlackElo "2204"]
[Annotator "ChessOrg"]
[PlyCount "63"]
[EventDate "1998.03.05"]
[Source "ChessBase"]
[SourceDate "1998.04.29"]

1. Nf3 f5 2. g3 Nf6 3. Bg2 g6 4. O-O Bg7 5. c4 O-O 6. Nc3 Nc6 7. d4 d6 8. d5
Na5 9. Qd3 c5 10. Ng5 a6 11. Bd2 Rb8 12. Ne6 Bxe6 13. dxe6 Nc6 14. Bxc6 bxc6
15. Rab1 Qc8 16. Qf3 Ng4 17. b3 Rf6 18. e4 Ne5 19. Qe2 Rxe6 20. exf5 gxf5 21.
Rbe1 Rf6 22. Na4 Rf7 23. Bc3 f4 24. f3 Qf5 25. g4 Qg5 26. Kh1 Ng6 27. Bxg7 Kxg7
28. Nc3 Nf8 29. Ne4 Qh4 30. Nxc5 a5 31. Ne6+ Nxe6 32. Qxe6 1/2-1/2

[Event "Bad Woerishofen Sen"]
[Site "Bad Woerishofen"]
[Date "2001.??.??"]
[Round "6"]
[White "Zoltek, Tadeusz"]
[Black "Igney, Volkhard"]
[Result "1/2-1/2"]
[WhiteElo "2304"]
[BlackElo "2180"]
[Annotator "ChessOrg"]
[PlyCount "163"]
[EventDate "1998.03.05"]
[Source "ChessBase"]
[SourceDate "1998.04.29"]

1. c4 Nf6 2. Nc3 c6 3. Nf3 d5 4. d4 e6 5. cxd5 exd5 6. Bg5 Nbd7 7. e3 Be7 8.
Bd3 O-O 9. O-O Re8 10. Qc2 Nf8 11. Bxf6 Bxf6 12. b4 Bg4 13. Nd2 Be7 14. b5 c5
15. dxc5 Bxc5 16. Nb3 Bd6 17. Be2 Be6 18. Qd3 Nd7 19. Rad1 Nf6 20. Bf3 Qc7 21.
g3 Rad8 22. Nd4 Bb4 23. Nce2 Bh3 24. Bg2 Bxg2 25. Kxg2 Qe5 26. Qf5 Qe4+ 27. Qf3
Ng4 28. Rb1 Qxf3+ 29. Nxf3 Bc5 30. Ned4 Ne5 31. Nxe5 Rxe5 32. Rfd1 Kf8 33. Rbc1
Bb6 34. Rc2 Re4 35. Rcd2 Bxd4 36. Rxd4 Rxd4 37. Rxd4 Ke7 38. Ra4 Ra8 39. h4 h5
40. Kf3 a5 41. e4 dxe4+ 42. Kxe4 Kd6 43. Kd4 f6 44. Ra3 Rd8 45. Rxa5 Kc7+ 46.
Kc4 Kb6 47. Ra3 Rd2 48. f4 Rc2+ 49. Kd5 Re2 50. Kc4 f5 51. Rd3 Rxa2 52. Rd6+
Ka5 53. Rd7 Ra4+ 54. Kd5 b6 55. Rxg7 Re4 56. Rg5 Kxb5 57. Rxf5 Re8 58. Rxh5
Rd8+ 59. Ke4+ Kc4 60. Rh7 Re8+ 61. Kf3 Rb8 62. Re7 b5 63. Re4+ Kc5 64. Re5+ Kd4
65. Re4+ Kd3 66. Re3+ Kd2 67. Re2+ Kd3 68. h5 b4 69. h6 b3 70. h7 Rh8 71. Re7
b2 72. Rb7 Kc2 73. f5 Rxh7 74. Rxb2+ Kxb2 75. Kf4 Kc3 76. f6 Kd4 77. Kf5 Rh3
78. Ke6 Rxg3 79. f7 Re3+ 80. Kd7 Rf3 81. Ke7 Re3+ 82. Kd7 1/2-1/2

[Event "Bad Woerishofen Sen"]
[Site "Bad Woerishofen"]
[Date "2001.??.??"]
[Round "8"]
[White "Zoltek, Tadeusz"]
[Black "Ottmann, Josef"]
[Result "1-0"]
[WhiteElo "2304"]
[BlackElo "1940"]
[Annotator "ChessOrg"]
[PlyCount "115"]
[EventDate "1998.03.05"]
[Source "ChessBase"]
[SourceDate "1998.04.29"]

1. c4 Nf6 2. Nf3 e6 3. Nc3 d5 4. d4 Bb4 5. cxd5 exd5 6. Bg5 c6 7. e3 Qa5 8. Qb3
Ne4 9. Rc1 Nxg5 10. Nxg5 Nd7 11. Bd3 h6 12. Nf3 O-O 13. O-O Nf6 14. Ne5 Ng4 15.
Nf3 Bd6 16. h3 Nf6 17. Bb1 Re8 18. Nd2 Qd8 19. Qc2 Bf8 20. Rce1 g6 21. Qd1 Bg7
22. f4 Bf5 23. Bxf5 gxf5 24. Qf3 Re7 25. g4 fxg4 26. hxg4 Qd7 27. f5 Nh7 28.
Qg3 Rae8 29. Nd1 f6 30. Nf3 Qc7 31. Qxc7 Rxc7 32. Nc3 Rce7 33. Kf2 Ng5 34. Nxg5
hxg5 35. Kf3 Rd8 36. Re2 Bf8 37. Rh1 Rh7 38. Rxh7 Kxh7 39. e4 dxe4+ 40. Rxe4
Kg7 41. d5 cxd5 42. Rd4 Bc5 43. Rxd5 Rxd5 44. Nxd5 Bd4 45. b3 Kf7 46. Ke4 Bb2
47. Nc7 Ke7 48. Kd5 Kd7 49. Nb5 a6 50. Nd6 b5 51. Ne4 a5 52. Nc5+ Ke7 53. Kc6
b4 54. Nb7 Bc3 55. Nxa5 Be1 56. Nc4 Bc3 57. a4 bxa3 58. Nxa3 1-0